[Event "Wch U10 Girls blitz"]
[Site "Batumi"]
[Date "2023.06.11"]
[Round "10"]
[White "Komiljonova, Lazizabonu"]
[Black "Isakhanyan, Nare"]
[Result "0-1"]
[WhiteElo "1088"]
[BlackElo "1257"]
[PlyCount "118"]
[EventDate "2023.06.10"]
[EventType "swiss (blitz)"]
[EventRounds "11"]
[EventCountry "GEO"]
[SourceTitle "EXT 2024"]
[Source "ChessBase"]
[SourceDate "2023.10.10"]
[SourceVersion "1"]
[SourceVersionDate "2023.10.10"]
[SourceQuality "1"]
[WhiteTeam "Uzbekistan"]
[BlackTeam "Armenia"]
[WhiteTeamCountry "UZB"]
[BlackTeamCountry "ARM"]

1. d4 d5 2. Nc3 Nf6 3. Bf4 c5 4. e3 Nc6 5. Nf3 Bg4 6. Be2 e6 7. Nb5 Rc8 8. 0-0 a6 9. Nc3 Bd6 10. dxc5 Bxc5 11. Ne5 Bxe2 12. Qxe2 0-0 13. Rad1 Bd6 14. Nd3 Bxf4 15. Nxf4 Qb6 16. b3 Rfd8 17. Rd2 Nb4 18. Na4 Qc7 19. c4 dxc4 20. Rxd8+ Rxd8 21. bxc4 h6 22. h3 Qa5 23. Nc3 Nc6 24. Qc2 Qc7 25. a3 Na5 26. Rd1 Rxd1+ 27. Qxd1 Nxc4 28. Qb3 Nd6 29. f3 Qc5 30. Nd1 Qc4 31. Qb6 Qc6 32. Qd4 Nb5 33. Qd8+ Kh7 34. Qd3+ Kg8 35. e4 Qc7 36. Ne2 Qc5+ 37. Kh2 Qxa3 38. Qd8+ Qf8 39. Qb6 Qe7 40. Nb2 Qd7 41. Kg1 Qd2 42. Nc4 Qxe2 43. Ne5 Qd1+ 44. Kh2 Qd6 45. Qxb7 Qxe5+ 46. Kg1 Qa1+ 47. Kf2 Qb2+ 48. Kg1 Qd4+ 49. Kh2 Qe5+ 50. Kg1 a5 51. Qc8+ Kh7 52. Qc1 a4 53. Kh1 a3 54. Qc2 Kg8 55. Qa2 Qb2 56. Qc4 a2 57. Qc8+ Kh7 58. e5 a1Q+ 59. Kh2 Qxe5+ 0-1

[Event "Wch U10 Girls rapid"]
[Site "Batumi"]
[Date "2023.06.07"]
[Round "6"]
[White "Zhumambayeva, Aliya"]
[Black "Komiljonova, Lazizabonu"]
[Result "1-0"]
[WhiteElo "1341"]
[BlackElo "1088"]
[PlyCount "211"]
[EventDate "2023.06.06"]
[EventType "swiss (rapid)"]
[EventRounds "11"]
[EventCountry "GEO"]
[SourceTitle "EXT 2024"]
[Source "ChessBase"]
[SourceDate "2023.10.10"]
[SourceVersion "1"]
[SourceVersionDate "2023.10.10"]
[SourceQuality "1"]
[WhiteTeam "Kazakhstan"]
[BlackTeam "Uzbekistan"]
[WhiteTeamCountry "KAZ"]
[BlackTeamCountry "UZB"]

1. e4 c5 2. Nf3 e6 3. g3 a6 4. Bg2 Qc7 5. a4 b6 6. Nc3 Bb7 7. 0-0 d6 8. d4 cxd4 9. Nxd4 Nf6 10. Re1 Nbd7 11. Nb3 Be7 12. Be3 0-0 13. Qe2 Rfe8 14. Rad1 Bf8 15. Bf4 Rac8 16. Rc1 h6 17. h4 Qb8 18. Bd2 Qa8 19. Bf4 Nc5 20. Nxc5 dxc5 21. Rcd1 Red8 22. Bc1 Bc6 23. Bf4 Qb7 24. Be5 Nd7 25. Bf4 Nf6 26. f3 b5 27. axb5 axb5 28. Bf1 c4 29. Nb1 Nh5 30. Qe3 Bd7 31. Qc1 Bc5+ 32. Kg2 Bc6 33. Rxd8+ Rxd8 34. c3 Qa7 35. Nd2 Nxf4+ 36. gxf4 Qe7 37. Kg3 Bd6 38. e5 Bc5 39. Ne4 Bxe4 40. Rxe4 Qa7 41. Re2 Rd3 42. Rd2 Qd7 43. Bxd3 Be3 44. Bh7+ Kxh7 45. Rxd7 Bxc1 46. Rb7 Bxb2 47. Rxb5 Bxc3 48. Rc5 Be1+ 49. Kg2 Bxh4 50. Rxc4 Kg6 51. Kh3 Be7 52. Rc7 Bb4 53. Rc4 Bd2 54. Kg4 h5+ 55. Kh4 Be1+ 56. Kh3 Kf5 57. Rc7 Kg6 58. Ra7 Bd2 59. Kg3 h4+ 60. Kxh4 Bxf4 61. Kg4 Bxe5 62. f4 f5+ 63. Kg3 Bd4 64. Ra6 Kf6 65. Rc6 g6 66. Kf3 Bb2 67. Kg3 Bd4 68. Kf3 Ba7 69. Kg3 Bb8 70. Kf3 Kf7 71. Rb6 Bxf4 72. Kxf4 Kf6 73. Rc6 g5+ 74. Kf3 Ke5 75. Rc8 g4+ 76. Kg3 Ke4 77. Re8 e5 78. Rf8 f4+ 79. Kxg4 Ke3 80. Ra8 Ke4 81. Ra5 f3 82. Kg3 Ke3 83. Rxe5+ Kd4 84. Rf5 Ke4 85. Rxf3 Ke5 86. Kg4 Ke4 87. Rf8 Ke5 88. Rf4 Kd5 89. Kf5 Kd6 90. Re4 Kd5 91. Re2 Kd4 92. Kf4 Kd5 93. Re4 Kc5 94. Ke5 Kc6 95. Rd4 Kc5 96. Rf4 Kc6 97. Rc4+ Kd7 98. Rc5 Ke7 99. Rc7+ Kd8 100. Rh7 Ke8 101. Ke6 Kd8 102. Kd6 Ke8 103. Rb7 Kf8 104. Ke6 Kg8 105. Kf6 Kh8 106. Kg6 1-0